planning power and welfare: A discussion and other essays (Record no. 429385)

000 -LEADER
fixed length control field 00308cam a22000977a 4500
008 - FIXED-LENGTH DATA ELEMENTS--GENERAL INFORMATION
fixed length control field 180718b1959 xxu||||| |||| 00| 0 eng d
100 ## - MAIN ENTRY--PERSONAL NAME
Personal name Krisna daya
245 ## - TITLE STATEMENT
Title planning power and welfare: A discussion and other essays
Statement of responsibility, etc. by Daya krisna
260 ## - PUBLICATION, DISTRIBUTION, ETC.
Place of publication, distribution, etc. New Delhi
Name of publisher, distributor, etc. The office for Asian Affairs
Date of publication, distribution, etc. 1959
300 ## - PHYSICAL DESCRIPTION
Extent 90
Holdings
Withdrawn status Lost status Damaged status Not for loan Permanent Location Current Location Date acquired Full call number Barcode Date last seen Price effective from Koha item type
        Indian Institute of Public Administration Indian Institute of Public Administration 2009-12-24 T000x5 K897/c.2 20355 2018-07-21 2018-07-21 Book

Powered by Koha